000 02513nam a2200469 c 4500
999 _c204303
_d204303
003 BLK
005 20240515095408.0
008 180411b bul|||||r ||||||| ||bul||
010 _aKNG00213860000
020 _a978-619-153-154-7
040 _aBLK
041 _aBUL
_cBUL
072 7 _2bullib
_aН32
_xПолитика Н
080 _aЖената и политиката. Женско движение - Женски организации. Международен ден на жената. Участие на жените в обществено-политическия живот
_b305-055.2
_x(470)(092)(0:82-94)
_z305-055.2(470)(092)(0:82-94)
080 _aРуска литература
_b821.161.1
_x-94
_z821.161.1-94
080 _aБиографии
_b929
_x(470)
_z929(470)
100 1 _aЖданов, Михаил Михайлович
_eпърви автор
_9276966
139 _aЖданов, Михаил Михайлович
_bЖ 27
245 1 0 _aЖените на руските владетели: от Сталин до Путин
_bЛюбов и власт
_cМихаил Михайлович Жданов; прев. от рус. Лидия Михайлова Шведова; * Владимир Мамин.
250 _aНово доп. изд.
257 _aRUS
260 _bПаритет
_c2017
300 _a208 с.
_c21 см
380 _a3
500 _a1. изд. 2009 на изд. СКОРПИО ви със загл. Кремълските принцеси : драмата на живота - любов и власт в сер. Лабиринти на истината / Владимир Мамин. - Без сведение за ориг. загл. ; Ориг. загл. Кремлевские "принцессы". Драма жизни: любовь и власть / Владимир Мамин.
650 0 _aЖени, прочути - биографии
_9303107
651 4 _aСССР
_9179592
651 4 _aРусия
_9179465
653 _aжени
653 _aпрочути личности
653 _aбиографии
659 _aН
700 1 _aШведова, Лидия Михайлова
_eпрев. от рус.
_9364992
700 1 _aМамин, Владимир
_e*
_9386508
852 _aЦб 287905
856 4 _qpdf
856 4 _qpdf
942 _cKNG
_n0
_s1
_05
944 _aCR
_c30.10.2017
_lЦветелина Шанова
_k30531
944 _aED
_c06.11.2017
_lф /
_kЛюдмила_Стоянова
999 _d204303